000 00682nam a2200229 a 4500
999 _c4717
_d4717
001 4717
003 BD-JhCC
005 20171130165236.0
008 171001s2004 bg a|||| || | 000 f ben d
020 _a98448840600
035 _a(BD-JhCC) 4717
040 _aBD-JhCC
_dBD-JhCC
041 _aben
082 _a 891.4435
_bISL 2004
100 _aইসলাম, শহিদুল
245 _aগল্পগুলো উপদেশের /
_cশহিদুল ইসলাম
260 _aঢাকা :
_bবিজয় প্রকাশ,
_c২০০৪.
300 _a৩৫ p. ;
_c24 cm.
_bill. ;
650 _aBangali stories
942 _2ddc
_cBK